| 000 | 01221cam a2200205 4500 | ||
|---|---|---|---|
| 008 | 000000n2000 000 0 eng u | ||
| 035 | _a(Sirsi) u105031 | ||
| 245 | _aForfeiture | ||
| 260 | _c2000 | ||
| 490 |
_aEstates Gazette Case Summaries _v[2000] EGCS 33 (1) |
||
| 520 | _aCA 3 March 2000. "Crawford v Clarke". In 1995 the landlord complained the tenant had made unauthorised alterations, and served a notice under the Law of Property Act 1925 S146. In 1996 the landlord brought proceedings under the Leasehold Repairs Act 1938 . In 1998 , the parties entered into a consent order, and it was ordered that the lease be forfeited , but that the tenant be granted relief from forfeiture on condition that the tenant complied with terms set out in an agreed schedule. The tenant failed to keep up with building payments and applied for an extension of time on three occasions, but refused on the third application. The tenant appealed. Held, appeal dismissed. | ||
| 650 | _aEXTENSION OF TIME | ||
| 650 | _aFORFEITURE | ||
| 650 | _aCRAWFORD V CLARKE | ||
| 650 | _aLAW OF PROPERTY ACT 1925 S146 | ||
| 650 | _aLEASEHOLD REPAIRS ACT 1938 | ||
| 650 | _aALTERATIONS | ||
| 690 |
_aDilapidations _96235 |
||
| 942 | _n0 | ||
| 999 |
_c62993 _d62993 |
||